Normal view
MARC view
- إبن بطوطة، محمد بن عبدالله بن محمد بن إبراهيم اللواتي الطنجي 703 -776 هجري؛ مراجعة درويش الجويدي
Entry Personal Name
001 - CONTROL NUMBER
- control field: 56465
003 - CONTROL NUMBER IDENTIFIER
- control field: JO-AjAnu
005 - DATE AND TIME OF LATEST TRANSACTION
- control field: 20230606083243.0
008 - FIXED-LENGTH DATA ELEMENTS
- fixed length control field: 230606|| aca||aabn | a|a d
040 ## - CATALOGING SOURCE
- Original cataloging agency: JO-AjAnu
- Transcribing agency: JO-AjAnu
100 ## - HEADING--PERSONAL NAME
- Personal name: إبن بطوطة، محمد بن عبدالله بن محمد بن إبراهيم اللواتي الطنجي 703 -776 هجري؛ مراجعة درويش الجويدي
670 ## - SOURCE DATA FOUND
- Source citation: Work cat.: (JO-AjAnu)28813: إبن بطوطة، محمد بن عبدالله بن محمد بن إبراهيم اللواتي الطنجي 703 -776 هجري؛ مراجعة درويش الجويدي, author, رحلة ابن بطوطة المسماة: تحفة النظار في غرائب الأمصار وعجائب الأسفار، مج 1، ج1+ج2